1232 1186 1507 1336 1697 1105 1112 1707 1690 1337 1254 1642 1055 1622 1716 1117 1617 1768 1935 1194 1732 1542 1866 1536 1616 1098 1518 1557 1931 1302 1621 1595 1724 1361 1465 1290 1855 1041 1079 1275 1451 1565 1114 1542 1300 1691 1265 1159 1647 1648 1075 1309 1770 1649 1929 1544 1298 1348 1231 1456 1736 1453 1433 1989 1132 1193 1574 1136 1854 1192 1710 1161 1846 1419 1400 1608 1023 1135 1674 1537 1761 1012 1233 1678 1935 1868 1606 1651 1538 1528 1946 1074 1197 1425 1334 1677 1693 1430 1838 BCNSPRNW ULIB Ver.6.0+V

เปลี่ยนเป็นภาษาไทย

Change to English
 แสดงรายละเอียดบรรณานุกรม
  กลับหน้าหลัก

Brief Record : Get Marc (ISO 2709) : E-mail record : QR code < ปิดหน้าต่าง
LEADER : 00000nam 2200000uu 4500
001    13399111491
003     ULIB
008    110628s||||||||th 000 0 tha d
020    9789748184821
050  4 BQ4302^bม862ม ล.1 2550
100 0  แม่ชีทศพร เทวาพิทักษ์ธรรม
245 10 แม่ชีทศพร เทวาพิทักษ์ธรรม/^cแม่ชีทศพร เทวาพิทักษ์ธรรม
250    พิมพ์ครั้งที่ 2
260    กรุงเทพฯ :^bสมาร์ท อินเตอร์คอมมิวนิเคชั่น,^c 2550
300    144 หน้า^bภาพประกอบ
650  7 ธรรมกับชีวิตประจำวัน
650  7 การปฏิบัติธรรมธรรม
945    ^p160^l0^i022915
995    ทศพร
999 ^a ใช้งานได้ทุกระบบ
รายการนี้ยังไม่มีแท็ก
คุณยังไม่ได้ล็อกอิน คุณสามารถมีกิจกรรมร่วมกับเว็บไซต์ได้ แต่ต้องล็อกอินก่อน ::
  ล็อกอิน

รายการสื่อสารสนเทศ

ลำดับที่ ประเภท เลขเรียก/บาร์โค้ด สถานที่ สถานะ
- ไม่พบข้อมูล -

รายการใกล้เคียง
    ผู้แต่ง [แม่ชีทศพร เทวาพิทักษ์ธรรม]

    หัวเรื่อง [ธรรมกับชีวิตประจำวัน]
    หัวเรื่อง [การปฏิบัติธรรมธรรม]

BibComment


ยังไม่เคยถูกคอมเมนท์

คอมเมนท์ทรัพยากรรายการนี้
  คอมเมนท์: แม่ชีทศพร เทวาพิท..


 Copyright 2026. Bcnsprnw @Library